000 00767nam a2200181Ia 4500
008 100920s9999 xx 000 0 und d
082 _b13703
_a891.43 थ 61
100 _aचतुर्वेदी श्रीनारायण.
245 _aसरस्वती हीरक जयन्ती अंक 1600-1956.
260 _bइंडियन प्रेस, प्राइवेट लिमिटेड, इलाहाबाद.
_c1961
300 _a878
_bसाधी
365 _b0
520 _aहिंदी.
630 _aसरस्वती हीरक जयन्ती अंक 1600-1956.
650 _aहिंदी.
730 _aसरस्वती हीरक जयन्ती अंक 1600-1956.
942 _cBOOK
999 _c678061
_d678058